| 000 | 00560aam a2200205 4500 | ||
|---|---|---|---|
| 005 | 20170126104108.0 | ||
| 008 | 150703b xxu||||| |||| 00| 0 spa d | ||
| 041 | _aeng | ||
| 082 | _a428 S927e | ||
| 100 |
_aStrutt, Peter _931709 |
||
| 245 | _aEnglish for international tourism intermediate wordbook | ||
| 260 | _aEspaña | ||
| 260 | _bPearson Educación | ||
| 260 | _c2004 | ||
| 300 | _a80 páginas | ||
| 500 | _aINGLES PARA LOS NIVELES 5 Y 6 DE TURISMO | ||
| 650 |
_aINGLÉS ENSEÑANZA _91244 |
||
| 650 |
_aINGLÉS PARA TURISMO _92995 |
||
| 942 | _cBK | ||
| 999 |
_c6358 _d6358 |
||